000 00577nam a2200181Ia 4500
005 20250423100916.0
008 250422s9999 xx 000 0 und d
020 _a1561794619
050 _aHQ 756 .W65/
100 _aWolgemuth, Robert D.
245 0 _aShe calls me daddy : seven things every man needs to know about building a complete daughter
260 _aTexas
260 _bFocus on the Family Pub.
260 _c1996
300 _a219 p
650 _aFathers and daughters. Parenting. Fatherhood --Religious aspects --Christianity. Conduct of life
942 _cBK
999 _c34709
_d34709